000 00468nam a22001577a 4500
003 OSt
008 260624b |||||||| |||| 00| 0 eng d
020 _a9781942426356
082 _a342.54
_bD61U
100 _aDixit, Sanjay
245 _aUnbreaking India: Decisions On Article 370 & The CAA/ by Sanjay Dixit
260 _aGurugram:
_bgaruda Prakashan,
_c2024
300 _a385 p.
650 _aLaw | Social sciences | Constitutional Law of India
942 _2ddc
_cBK
999 _c52266
_d52266